[Event "Vsetin op 41st"]
[Site "Vsetin"]
[Date "2016.07.02"]
[Round "1"]
[White "Weinzettl, Ernst"]
[Black "Zajicek, Petr"]
[Result "1-0"]
[WhiteElo "2300"]
[BlackElo "2033"]
[PlyCount "63"]
[EventDate "2016.07.02"]
[EventType "swiss"]
[EventRounds "9"]
[EventCountry "CZE"]
[SourceTitle "CBM 173 Extra"]
[Source "ChessBase"]
[SourceDate "2016.08.29"]
[SourceVersion "1"]
[SourceVersionDate "2016.08.29"]
[SourceQuality "1"]

1. e4 Nf6 2. e5 Nd5 3. d4 d6 4. Nf3 Bg4 5. Be2 Nc6 6. c4 Nb6 7. exd6 cxd6 8. Nbd2 g6 9. d5 Nb8 10. h3 Bd7 11. 0-0 Bg7 12. Ne4 Qc8 13. Qb3 Na6 14. Be3 Ba4 15. Qa3 Bc2 16. Nfd2 Na4 17. b3 N4c5 18. Nxc5 Nxc5 19. Rac1 Bf5 20. b4 Na6 21. c5 dxc5 22. bxc5 Nc7 23. Bf3 0-0 24. d6 Nb5 25. Qb3 a6 26. a4 Be6 27. Qb4 Bc3 28. Qxc3 exd6 29. Bh6 f6 30. Bxf8 Qxf8 31. Bxb7 Ra7 32. c6 1-0

[Event "CZE-chT2F 1516"]
[Site "Czech Republic"]
[Date "2016.04.17"]
[Round "11.8"]
[White "Zajicek, Petr"]
[Black "Beran, Petr"]
[Result "0-1"]
[WhiteElo "2048"]
[BlackElo "2041"]
[PlyCount "100"]
[EventDate "2015.10.18"]
[EventType "team-tourn"]
[EventRounds "11"]
[EventCountry "CZE"]
[SourceTitle "EXT 2022"]
[Source "ChessBase"]
[SourceDate "2021.10.06"]
[SourceVersion "1"]
[SourceVersionDate "2021.10.06"]
[SourceQuality "1"]
[WhiteTeam "Vsetin"]
[BlackTeam "Havirov Slovan"]
[WhiteTeamCountry "CZE"]
[BlackTeamCountry "CZE"]

1. f4 d5 2. Nf3 Nf6 3. g3 g6 4. Bg2 Bg7 5. 0-0 0-0 6. d3 c5 7. c3 Nc6 8. Qc2 d4 9. Bd2 e5 10. Na3 exf4 11. Bxf4 Nd5 12. Bg5 Qd7 13. Bd2 b6 14. Rae1 Bb7 15. Qc1 Rae8 16. Ng5 h6 17. Nh3 Ne3 18. Bxe3 Rxe3 19. Nc4 Re7 20. Nf4 Ne5 21. Bxb7 Qxb7 22. Nd6 Qd7 23. Ne4 Ng4 24. Ng2 f5 25. Nf2 Ne3 26. Nxe3 Rxe3 27. Nd1 Re7 28. Rf2 Rfe8 29. Qf4 Kh7 30. h4 h5 31. Qf3 Bh6 32. Kh2 Bd2 33. Ref1 Be3 34. Rg2 Bh6 35. c4 Re5 36. Rff2 R8e7 37. b3 Qe8 38. a4 a5 39. Kh1 Bd2 40. Kg1 Be1 41. Rf1 Rxe2 42. Rxe2 Rxe2 43. Qb7+ Qe7 44. Qf3 Qe5 45. Nf2 Bxf2+ 46. Rxf2 Re3 47. Qb7+ Kh6 48. Qf7 Qxg3+ 49. Kf1 Qh3+ 50. Rg2 Qh1+ 0-1

[Event "Vsetin op 40th"]
[Site "Vsetin"]
[Date "2015.07.10"]
[Round "8"]
[White "Bombek, Peter"]
[Black "Zajicek, Petr"]
[Result "1/2-1/2"]
[WhiteElo "2153"]
[BlackElo "1974"]
[PlyCount "66"]
[EventDate "2015.07.04"]
[EventType "swiss"]
[EventRounds "9"]
[EventCountry "CZE"]
[SourceTitle "CBM 167 Extra"]
[Source "ChessBase"]
[SourceDate "2015.09.14"]
[SourceVersion "1"]
[SourceVersionDate "2015.09.14"]
[SourceQuality "1"]

1. d4 Nf6 2. Nf3 d5 3. e3 e6 4. Bd3 c5 5. c3 Nc6 6. Nbd2 Qc7 7. 0-0 e5 8. dxe5 Nxe5 9. Nxe5 Qxe5 10. e4 Be7 11. exd5 Qxd5 12. Bb5+ Bd7 13. c4 Qd6 14. Qf3 0-0 15. Bxd7 Qxd7 16. Nb3 b6 17. Bf4 Qf5 18. Rfe1 Rae8 19. Re5 Qc2 20. Qe2 Qxe2 21. Rxe2 Nh5 22. Bc7 Bd8 23. Rxe8 Rxe8 24. Bxd8 Rxd8 25. Kf1 a5 26. Re1 Kf8 27. g3 a4 28. Nc1 Rd4 29. b3 Nf6 30. f3 Rd2 31. Re2 Rd1+ 32. Re1 Rd2 33. Re2 Rd1+ 1/2-1/2

[Event "Vsetin op 40th"]
[Site "Vsetin"]
[Date "2015.07.04"]
[Round "1"]
[White "Zajicek, Petr"]
[Black "Shkuran, Danylo"]
[Result "0-1"]
[WhiteElo "1974"]
[BlackElo "2404"]
[PlyCount "74"]
[EventDate "2015.07.04"]
[EventType "swiss"]
[EventRounds "9"]
[EventCountry "CZE"]
[SourceTitle "CBM 167 Extra"]
[Source "ChessBase"]
[SourceDate "2015.09.14"]
[SourceVersion "1"]
[SourceVersionDate "2015.09.14"]
[SourceQuality "1"]

1. f4 Nf6 2. Nf3 g6 3. Nc3 d5 4. g3 d4 5. Nb1 c5 6. Bg2 Bg7 7. 0-0 0-0 8. Ne5 Nbd7 9. Nc4 Rb8 10. a4 b6 11. e4 dxe3 12. dxe3 Ba6 13. Nba3 Bb7 14. Bxb7 Rxb7 15. Qf3 Qc8 16. g4 Nb8 17. g5 Ne8 18. e4 Qc6 19. Nb5 Rd7 20. Ne3 a6 21. Nc3 Bxc3 22. bxc3 Nd6 23. e5 Qxf3 24. Rxf3 Nf5 25. Rb1 Rb7 26. Nc4 Nd7 27. Rd3 Rfb8 28. Ne3 c4 29. Nxc4 Nc5 30. Rf3 Nxa4 31. Ra1 Nc5 32. Ba3 Ne6 33. Bb2 a5 34. Kf1 Rc7 35. Nd2 Rd8 36. Ke1 Nh4 37. Rf1 Ng2+ 0-1

[Event "CZE-chT2F 0910"]
[Site "Czech Republic"]
[Date "2009.12.06"]
[Round "4.7"]
[White "Zajicek, Petr"]
[Black "Pan, Vladimir"]
[Result "1/2-1/2"]
[WhiteElo "2023"]
[BlackElo "2003"]
[PlyCount "110"]
[EventDate "2009.10.18"]
[EventType "team-tourn"]
[EventRounds "11"]
[EventCountry "CZE"]
[SourceTitle "EXT 2012"]
[Source "ChessBase"]
[SourceDate "2011.11.24"]
[SourceVersion "1"]
[SourceVersionDate "2011.11.24"]
[SourceQuality "1"]
[WhiteTeam "Vsetin"]
[BlackTeam "Bruntal"]
[WhiteTeamCountry "CZE"]
[BlackTeamCountry "CZE"]

1. f4 Nf6 2. Nf3 d6 3. Nc3 c5 4. e4 Nc6 5. a3 Bg4 6. Be2 e6 7. Rb1 a5 8. 0-0 Be7 9. Qe1 0-0 10. d3 Bxf3 11. Bxf3 Nd4 12. Bd1 b5 13. Be3 b4 14. axb4 axb4 15. Ne2 Nc6 16. Qg3 Re8 17. Kh1 d5 18. e5 Nd7 19. Ng1 Bf8 20. Nh3 Ne7 21. Bg4 Nf5 22. Qf3 Nxe3 23. Qxe3 h6 24. Rf3 Qc7 25. Nf2 Ra2 26. Rg3 Kh8 27. Bf3 Rea8 28. Qc1 Nb8 29. Ng4 Nc6 30. Rh3 Nd4 31. Ne3 Kg8 32. Nxd5 exd5 33. Bxd5 R2a7 34. Bxa8 Rxa8 35. c3 Nc6 36. Ra1 Rd8 37. Qe3 Qd7 38. Rg3 Kh8 39. Qe4 bxc3 40. bxc3 g6 41. h4 h5 42. Ra6 Rc8 43. Rf3 Qb7 44. Qa4 Ne7 45. e6 Nf5 46. Ra7 Qb1+ 47. Kh2 Qe1 48. Qe4 Qxh4+ 49. Rh3 Qf2 50. Rxf7 Bd6 51. Rf3 Qh4+ 52. Kg1 Rb8 53. Rxf5 gxf5 54. Qxf5 Qe1+ 55. Kh2 Qh4+ 1/2-1/2

[Event "CZE-chT2F 0910"]
[Site "Czech Republic"]
[Date "2009.11.22"]
[Round "3.7"]
[White "Svancara, Petr"]
[Black "Zajicek, Petr"]
[Result "1-0"]
[WhiteElo "2169"]
[BlackElo "2023"]
[PlyCount "67"]
[EventDate "2009.10.18"]
[EventType "team-tourn"]
[EventRounds "11"]
[EventCountry "CZE"]
[SourceTitle "EXT 2012"]
[Source "ChessBase"]
[SourceDate "2011.11.24"]
[SourceVersion "1"]
[SourceVersionDate "2011.11.24"]
[SourceQuality "1"]
[WhiteTeam "Grygov II"]
[BlackTeam "Vsetin"]
[WhiteTeamCountry "CSR"]
[BlackTeamCountry "CZE"]

1. c4 c5 2. Nc3 g6 3. g3 Bg7 4. Bg2 Nc6 5. e3 d6 6. Nge2 Bg4 7. h3 Bf5 8. d3 Qc8 9. f4 h5 10. Rb1 Nh6 11. a3 a5 12. Nd5 Ra6 13. e4 Bd7 14. Be3 f5 15. e5 b6 16. exd6 exd6 17. 0-0 Kf7 18. b4 axb4 19. axb4 Ra2 20. bxc5 bxc5 21. Nec3 Bxc3 22. Nxc3 Ra6 23. Nb5 Nb4 24. d4 Re8 25. Bf2 Bxb5 26. cxb5 Ra5 27. b6 Ng8 28. dxc5 dxc5 29. b7 Qc7 30. Qb3+ Kg7 31. Qc3+ Nf6 32. Rxb4 h4 33. b8Q Rxb8 34. Rxb8 1-0